000 00754nam a2200265 i 4500
001 000047822
003 DO-SdBNP
005 20250808112241.0
007 ta
008 130729s2011 dr 000 0 spa d
040 _aDO-SdBNP
_bspa
_cBNPHU
_erda
041 _aspa
082 _axxx
_bxxx
_222
110 2 _aRepública Dominicana
_9447
240 0 _a[leyes, etc.]
245 0 0 _aLey No. 41-08 de función pública. /
250 _aQuinta edición
264 1 _aSanto Domingo :
_bMinisterio de Administración Pública (MAP),
_c2011.
300 _a56 páginas ;
_c21 cm.
336 _atexto
_btxt
_2rdacontent
337 _asin mediación
_bn
_2rdamedia
338 _avolumen
_bnc
_2rdacarrier
590 _aInventarido,2019/VM
942 _2ddc
_cLBS1
999 _c47310
_d47310